000 00586nam a22002177a 4500
003 OSt
005 20140310182832.0
008 130604t xxu||||| |||| 00| 0 eng d
020 _a0072899050
050 _aQA 39.3
_b.R813 1999
082 _aM 511
_bR72 1999
245 _aDiscrete mathematics and its applications /
_cRosen, Kenneth H.
250 _a4th ed.
260 _aSingapore :
_bMcGraw-Hill Book Co.,
_cc1999.
300 _axxii, 678 p.
_bill. ;
_c22 cm.
521 _aCollege Students
526 _c1210L-1700L
541 _j1
562 _e1
942 _2lcc
_cBK
_kM
999 _c16671
_d16671